First Peter in the Greek New Testament for the English reader /

Bibliographic Details
Main Author: Wuest, Kenneth Samuel, 1893-
Format: Book
Language:English
Published: Grand Rapids : Eerdmans, [1942]
Subjects:

MARC

Tag First Indicator Second Indicator Subfields
LEADER 00000cam a2200000 i 4500
001 in00000059837
005 20151008051023.0
008 771017s1942 miu 00110 eng d
010 |a  43001995  
035 |a (OCoLC)03347188 
035 |9 AAG5066AM 
040 |a MBS  |c MBS  |d TXA  |d UtOrBLW 
049 |a TXAM  |c [404420] 
050 0 |a BS2795  |b .W8 
092 |a 227.92  |b W959f 
100 1 |a Wuest, Kenneth Samuel,  |d 1893- 
245 1 0 |a First Peter in the Greek New Testament for the English reader /  |c by Kenneth S. Wuest. 
264 1 |a Grand Rapids :  |b Eerdmans,  |c [1942] 
264 4 |c [©1942] 
300 |a 135 pages ;  |c 20 cm. 
336 |a text  |b txt  |2 rdacontent 
337 |a unmediated  |b n  |2 rdamedia 
338 |a volume  |b nc  |2 rdacarrier 
500 |a Word studies in the Greek New Testament. 
630 0 0 |a Bible.  |p Peter, 1st  |x Commentaries. 
999 |a MARS 
999 f f |s 603b2362-3fd3-395e-88f0-664bc770976a  |i 544564ed-08e0-328f-8fcd-5814879311d4  |t 0 
952 f f |p ric  |a Texas A&M University  |b Rellis Campus  |c Joint Library Facility  |d Remote Storage  |t 0  |e BS2795 .W8  |h Library of Congress classification  |i unmediated -- volume  |m A14800605001 
998 f f |a BS2795 .W8  |t 0  |l Remote Storage